| 000 | 01000nam a2200313 i 4500 | ||
|---|---|---|---|
| 001 | 12474 | ||
| 003 | KOSZ 005 | ||
| 005 | 20200630132826.0 | ||
| 008 | 990506s1960 pl f d |000 0 gre | ||
| 015 | _aPB 1960/4983 | ||
| 035 | _a(OCoLC)749381336 | ||
| 040 |
_aWA N _cWA N _dKOSZ 005/EG |
||
| 041 | 0 |
_agre _apol |
|
| 046 | _k1960 | ||
| 080 | _a811.14 | ||
| 080 | _a811.162.1 | ||
| 080 | _a(03) | ||
| 245 | 0 | 0 |
_aSłownik grecko-polski. _nT. 2, _pE-K / _cpod red. Zofii Abramowiczówny. |
| 260 |
_aWarszawa : _bPaństwowe Wydawnictwo Naukowe, _c1960. |
||
| 300 |
_a747, [1] s. ; _c25 cm. |
||
| 380 | _aKsiążki. | ||
| 500 | _aCałość obejmuje 4 t. | ||
| 650 | 4 | _aJęzyk grecki | |
| 655 | 4 | _aSłowniki grecko-polskie. | |
| 700 | 1 |
_aAbramowiczówna, Zofia _d(1906-1988). _eRedakcja |
|
| 710 | 2 |
_aPaństwowe Wydawnictwo Naukowe _4pbl. |
|
| 856 |
_uhttp://koha.tu.koszalin.pl/cgi-bin/koha/opac-detail.pl?biblionumber=12474 _yKatalog online BPK |
||
| 942 |
_2UKD _cKS |
||
| 999 |
_c12474 _d12474 |
||